[Event "Genova Province-ch"]
[Site "Genova"]
[Date "2015.02.19"]
[Round "6"]
[White "Mereta, Carlo"]
[Black "Bertone, Carmelo"]
[Result "1-0"]
[WhiteElo "1593"]
[BlackElo "1492"]
[PlyCount "65"]
[EventDate "2015.01.15"]
[EventType "swiss"]
[EventRounds "6"]
[EventCountry "ITA"]
[SourceTitle "EXT 2017"]
[Source "ChessBase"]
[SourceDate "2016.10.25"]
[SourceVersion "1"]
[SourceVersionDate "2016.10.25"]
[SourceQuality "1"]

1. e4 e5 2. Nf3 Nc6 3. d4 exd4 4. Nxd4 Bc5 5. Nxc6 bxc6 6. Nc3 d6 7. Na4 Bb6 8. Nxb6 axb6 9. Qf3 Ne7 10. Bg5 0-0 11. 0-0-0 f6 12. Be3 b5 13. Qg3 Ng6 14. f4 f5 15. e5 d5 16. Bc5 Re8 17. Kb1 Nf8 18. Bd3 Be6 19. Qh3 Nd7 20. Be3 Rf8 21. g4 d4 22. Bxd4 Bxa2+ 23. Kc1 Be6 24. Kd2 Nb6 25. Bxb6 cxb6 26. Ke3 Qe7 27. Ke2 Bc4 28. Bxc4+ bxc4 29. gxf5 Rad8 30. Rxd8 Qxd8 31. Rg1 Qd4 32. Qg2 Qd5 33. Qxg7# 1-0

[Event "Genova Province-ch"]
[Site "Genova"]
[Date "2015.02.12"]
[Round "5"]
[White "Nosengo, Piero"]
[Black "Mereta, Carlo"]
[Result "1/2-1/2"]
[WhiteElo "1625"]
[BlackElo "1593"]
[PlyCount "48"]
[EventDate "2015.01.15"]
[EventType "swiss"]
[EventRounds "6"]
[EventCountry "ITA"]
[SourceTitle "EXT 2017"]
[Source "ChessBase"]
[SourceDate "2016.10.25"]
[SourceVersion "1"]
[SourceVersionDate "2016.10.25"]
[SourceQuality "1"]

1. e4 e6 2. d4 d5 3. Nc3 Nf6 4. e5 Nfd7 5. f4 c5 6. Nf3 Nc6 7. Be3 Be7 8. Be2 0-0 9. 0-0 c4 10. Ng5 h6 11. Nh3 f5 12. g4 Qe8 13. gxf5 exf5 14. Nxd5 Bd8 15. Bxc4 Kh8 16. Qf3 Nb6 17. Nxb6 Bxb6 18. Ng5 Nxd4 19. Bxd4 Bxd4+ 20. Kh1 Bd7 21. Bd5 Bc6 22. c3 Bb6 23. Bxc6 bxc6 24. Nh3 Qe6 1/2-1/2